000 00905nam a2200265Ia 4500
003 OSt
005 20220923215849.0
006 a|||||r|||| 00| 0
007 ta
008 220922b |||||||| |||| 00| 0 hin d
024 _a182,323
037 _cTextual
040 _aARTS
_cARTS
_bhin
041 _2hin
_ahin
082 _aO152,1N11x, L1;L7-;2-;10
100 _aमिश्र, विद्यानिवास, संपा.
245 0 _aअज्ञेय
246 _aAjnyeya
250 _aसंस्क0 7
260 _aदिल्ली
_b राजपाल एण्ड सन्ज
_c1977
300 _a160 पृ.
_ccm.
490 _aआज के लोकप्रिय हिन्दी कवि; 10
942 _hO152,1N11x, L1;L7-;2-;10
_cTEXL
_2CC
999 _c335697
_d335697